Luxemburg Eurovision Song Contest Quiz - Statistiken

Allgemein
  • Dieses Quiz wurde 12 mal gespielt
  • Das Durchschnittsergebnis liegt bei 6 aus 8
Antwortstatistiken
Frage Antwort % Korrekt
Eva Marija
92%
Daryss
92%
Andrew the Martian
92%
Irem
92%
ShiroKuro
75%
Hugo One
67%
Steve Castile
67%
Luzac
67%
Keine übereinstimmenden Quizze gefunden
Verteilung der Resultate
Anzahl Personen mit jedem Resultat
Perzentil nach korrekt beantworteten Fragen
Ihre Resultats-Entwicklung
Sie haben dieses Quiz noch nicht gespielt